| 000 | 01527nam a22002057a 4500 | ||
|---|---|---|---|
| 999 |
_c8547 _d8547 |
||
| 003 | GBCCL | ||
| 005 | 20241126110653.0 | ||
| 008 | 210405b ||||| |||| 00| 0 eng d | ||
| 020 | _a0814659330 | ||
| 020 | _a9780814659335 | ||
| 040 | _cGBC | ||
| 082 |
_a232.94 _bMUR |
||
| 100 |
_aMurphy, Catherine M. _d1961- _915052 |
||
| 245 |
_aJohn the Baptist : _bprophet of purity for a new age |
||
| 260 |
_aCollegeville, Minn. : _bLiturgical Press, _c©2003 |
||
| 300 |
_axviii, 185 pages _c23cm. |
||
| 505 | _aWill the Real Baptist Please Stand Up? -- Reading the Evidence: The Sources for John the Baptist -- The "Game Rules" for Reconstructing History from Ancient Witnesses -- Redaction Criticism: How and Why Authors Shape Their Stories -- The Synoptic Problem in the Account of the Baptism of Jesus -- A Solution to the Synoptic Problem: The Two-Source Hypothesis -- Redaction Criticism -- Baptist Vignettes in the Gospels: A Redaction-Critical Approach -- Fifteen Vignettes -- Some Redaction-Critical Results -- The Historical Baptist -- Another Angle on the Baptist Movement: Social-Scientific Criticism -- Definition, Scope, and Methods -- An Initial Exercise: A Map for Designing a Social-Scientific Inquiry -- An Inductive Exercise: From Text to Hypothesis -- Purification Movements in First-Century C.E. Judea -- A Deductive Exercise: From Model (Purity and Pollution) to Text -- An Inductive Exercise: First-Century Jewish Purification Movements. | ||
| 650 |
_aJohn, _vthe Baptist, Saint. _915053 |
||
| 942 |
_2ddc _cBK |
||